Factores asociados al 4to. Nivel de los egresados de la Carrera de Educación Inicial de la Universidad Autónoma del Santo Domingo (UASD) (Record no. 773)

MARC details
000 -LEADER
campo de control de longitud fija 02796nam a2200541Ia 4500
001 - NÚMERO DE CONTROL
campo de control 850
008 - DATOS DE LONGITUD FIJA--INFORMACIÓN GENERAL
campo de control de longitud fija 241029s9999 xx 000 0 und d
010 ## - NÚMERO DE CONTROL DE LA BIBLIOTECA DEL CONGRESO
Número de control de LC 773
041 ## - CÓDIGO DE IDIOMA
Código de lengua del texto/banda sonora o título independiente Español
082 ## - NÚMERO DE LA CLASIFICACIÓN DECIMAL DEWEY
Número de clasificación F.L.E MA. E.S 2011 245
245 #0 - MENCIÓN DEL TÍTULO
Título Factores asociados al 4to. Nivel de los egresados de la Carrera de Educación Inicial de la Universidad Autónoma del Santo Domingo (UASD)
260 ## - PUBLICACIÓN, DISTRIBUCIÓN, ETC.
Lugar de publicación, distribución, etc. Santo Domingo
300 ## - DESCRIPCIÓN FÍSICA
Extensión 84
520 ## - RESUMEN, ETC.
Sumario, etc. 20
520 ## - RESUMEN, ETC.
Sumario, etc. El propósito principal de este estudio consistió en  determinar los factores que están asociados en la preparación del 4to. Nivel de los Docentes de la carrera de Educación Inicial en la Universidad Autónoma de Santo Domingo (UASD). La investigación fue de corte descriptivo y se fundamentó en el método analítico y en el sintético. Las técnicas utilizadas fueron la entrevista y la aplicación de cuestionarios. La población objeto de estudio estuvo compuesta por 7 coordinadores que conforman la cátedra de Pedagogía de la Universidad Autónoma de Santo Domingo (UASD), 192 docentes de la escuela de pedagogía, 334 egresados  de Educación Inicial y 1,882 estudiantes inscritos en el semestre 2009-1 de la carrera de inicial.  Se tomó como muestra a la totalidad de Coordinadores, 130 docentes, 182 egresados de la carrera de inicial y 400 estudiantes inscritos en el semestre 2009-1. El estudio concluye que entre los factores que pueden impedir en cierto modo la adquisición de estudios de 4to. nivel en los egresados de Educación Inicial se pueden citar: el factor económico,  nivel social, nivel intelectual y el grado de competencia. El estudio recomienda al Instituto de Formación y Capacitación del magisterio (INAFOCAM), incluir en sus programas de becas a egresados que no están laborando en el sector público y brindarles la oportunidad de realizar estudios de 4to. nivel. 
630 ## - PUNTO DE ACCESO ADICIONAL DE MATERIA--TÍTULO UNIFORME
Título uniforme Educación
630 ## - PUNTO DE ACCESO ADICIONAL DE MATERIA--TÍTULO UNIFORME
Título uniforme Egresados
630 ## - PUNTO DE ACCESO ADICIONAL DE MATERIA--TÍTULO UNIFORME
Título uniforme Factores
650 ## - PUNTO DE ACCESO ADICIONAL DE MATERIA--TÉRMINO DE MATERIA
Término de materia o nombre geográfico como elemento de entrada Nivel Inicial
690 ## - PUNTO DE ACCESO ADICIONAL DE MATERIA LOCAL--TÉRMINO DE MATERIA (OCLC, RLIN)
Término de materia o nombre geográfico como elemento inicial Elaborado
700 ## - ENTRADA AGREGADA--NOMBRE PERSONAL
Término indicativo de función/relación asesor
Nombre de persona Disla , José Francisco
700 ## - ENTRADA AGREGADA--NOMBRE PERSONAL
Término indicativo de función/relación autor
Nombre de persona Reyes Pérez , Tania
901 ## - ELEMENTOS DE DATOS A LOCAL LDA (RLIN)
a {"1":"Reyes Pérez "}
b {"1":"Tania"}
902 ## - ELEMENTOS DE DATOS B LOCAL, LDB (RLIN)
a 1
903 ## - ELEMENTOS DE DATOS C LOCAL, LDC (RLIN)
a {"1":"Disla "}
b {"1":"José Francisco"}
904 ## - ELEMENTOS DE DATOS D LOCAL, LDD (RLIN)
a Magíster en
905 ## - ELEMENTOS DE DATOS E LOCAL, LDE (RLIN)
a Educación Superior
906 ## - ELEMENTOS DE DATOS F LOCAL, LDF (RLIN)
a 2
907 ## - ELEMENTOS DE DATOS G LOCAL, LDG (RLIN)
a NO APLICA
908 ## - COLOCAR PARÁMETRO DE COMANDO (RLIN)
Colocar parámetro de comando NO APLICA
909 ## -
-- Universidad Autónoma de Santo Domingo (UASD)
910 ## - DATOS DE OPCIÓN DEL USUARIO (OCLC)
Datos de opción del usuario NULL
-- NULL
911 ## - EQUIVALENCIA O REFERENCIA-CRUZADA-NOMBRE DE CONFERENCIA O REUNIÓN/CONGRESO [LOCAL, CANADÁ]
Nombre de congreso/reunión o jurisdicción como elemento de entrada ["1"]
912 ## -
-- NO APLICA
913 ## -
-- NULL
914 ## -
-- 01 de Marzo de 2011
915 ## -
-- 09/07/15 11:07
916 ## -
-- NULL
917 ## -
-- NULL
918 ## -
-- NO APLICA
919 ## -
-- ["72","85","243"]
921 ## -
-- 2
922 ## -
-- 2
923 ## -
-- 0
924 ## -
-- NO APLICA
942 ## - ELEMENTOS DE ENTRADA SECUNDARIOS (KOHA)
Tipo de ítem Koha

No items available.

© 2024. Todos los Derechos Reservados. Desarrollado por IDEICE